| 000 | 00865nam a2200313Ia 4500 | ||
|---|---|---|---|
| 001 | Para_9558 | ||
| 003 | CHAP | ||
| 008 | 220125s2004 xx 000 0 und d | ||
| 010 | _a208232 | ||
| 040 | _cCHAP | ||
| 082 | _a860.3 P3 | ||
| 100 |
_aPaz, Octavio _986376 |
||
| 245 |
_aEl laberinto de la soledad / _c por Octavio Paz |
||
| 250 | _a3 | ||
| 260 |
_aMéxico, D.F. : _b Fondo de Cultura Económica |
||
| 300 | _a351 p. | ||
| 440 |
_aColección popular; 471 _9160355 |
||
| 505 | _aPostdata y Vuelta el laberinto de la soledad | ||
| 650 |
_aLiteratura Latinoamericana _967135 |
||
| 650 |
_aLiteratura mexicana _967138 |
||
| 650 |
_aNovela Mexicana _982025 |
||
| 901 | _a860.3 P3 | ||
| 902 | _aM | ||
| 905 | _a0000002004 0000000000 00 | ||
| 910 | _a2004 | ||
| 942 | _cPARA | ||
| 942 |
_cPARA _d1 |
||
| 999 |
_c208232 _d208232 |
||